000 01462nam a2200217Ia 4500
003 Ost
005 20260416102358.0
008 260416s9999||||xx |||||||||||||| ||und||
040 _cfsecg
041 _aara
082 _a330
100 _aمسعودي، رشيدة
_eمؤلف
245 0 _aاقتصاد المؤسسة /
_c رشيدة مسعودي
260 _aالجزائر
_bجامعة الجزائر3: كلية العلوم الإقتصادية، العلوم التجارية وعلوم التسيير
_c2021
300 _a97 ورقة
_bايضاحات
_c30 سم
504 _aمراجع ص.94
520 _aمدخل عام للمؤسسة الاقتصادية، اهداف و انواع المؤسسة الاقتصادية، بيئة المؤسسة، المسؤولية الاجتماعية للمؤسسة، تنظيم المؤسسة الاقتصادية، وظائف المؤسسة، ادوات التحليل الاقتصادي، انماط النمو و دورة حياة المؤسسة، استراتيجية المؤسسة، المؤسسة و التطورات العالمية.
653 _aالاقتصاد
710 _aجامعة الجزائر3: كلية العلوم الإقتصادية، العلوم التجارية وعلوم التسيير
_eناشر علمي
942 _cHANDOUT
999 _c41297
_d41297